Meilleurs sons de DTF - Statistiques

Statistiques générales
  • Ce quiz a été pris 326 fois
    116 depuis la dernière actualisation
  • Le résultat moyen est 6 sur 15
Statistiques - réponses
Rang Titres Streams % Correct
1 Me Gusta 148,8M
81%
2 Comme tu veux 65,3M
64%
3 Dans la ville (ft. N.O.S) 48,6M
63%
4 100 rêves 33,3M
51%
8 Cosmonaute 19,0M
51%
5 Boyz 27,2M
44%
11 Dans la savane 12,8M
39%
10 Atlas 13,1M
34%
14 Kira 9,9M
34%
6 Veni qui 23,5M
33%
13 Avant de partir (ft. N.O.S) 10,3M
31%
9 Je t'emmène 16,2M
31%
15 Comme un fou 9,8M
14%
12 Funky Drugs 11,6M
11%
7 Moi ça m'ira 19,9M
3%
Aucun quiz correspondant
Distribution des résultats
% des personnes avec chaque résultat
Percentile par nombre de réponses
Votre historique - résultats
Vous n’avez pas pris ce quiz depuis la dernière actualisation